| 000 | 00475nam a2200157 4500 | ||
|---|---|---|---|
| 001 | 125935 | ||
| 003 | ES-MaACL | ||
| 005 | 20230906192726.0 | ||
| 007 | t| | ||
| 008 | 070214s1960 sp r ||||1| spa d | ||
| 245 | 0 | 0 | _aReactivación y nuevos puestos de trabajo. |
| 260 |
_a[s.l.] : _bInstituto Católico de Artes e Industrias, _c1960. |
||
| 300 |
_a31 p. ; _c19 cm. |
||
| 710 | 2 |
_aInstituto Católico de Artes e Industrias. _94808 |
|
| 852 |
_aES-MaACL _j2019-F-11 _bR.46143 |
||
| 999 |
_c125935 _d125935 |
||